Les dix sports les plus suivis par les Français - Statistiques

Statistiques générales
  • Ce quiz a été pris 613 fois
  • Le résultat moyen est 5 sur 9
Statistiques - réponses
% Place Sport % Correct
72 1 Football
100%
36 2 Tennis
80%
33 3 Rugby
73%
29 4 Basket
67%
20 7 Handball
46%
28 5 Cyclisme
38%
24 6 Athlétisme
31%
11 10 Natation
26%
16 8 Boxe
19%
Aucun quiz correspondant
Distribution des résultats
% des personnes avec chaque résultat
Percentile par nombre de réponses
Votre historique - résultats
Vous n’avez pas pris ce quiz